BLOCKCHAIN APPLICATIONS IN AGRICULTURE: REVOLUTIONIZING THE FOOD SUPPLY CHIAN (Record no. 8384)

MARC details
000 -LEADER
fixed length control field 00370nam a2200133Ia 4500
008 - FIXED-LENGTH DATA ELEMENTS--GENERAL INFORMATION
fixed length control field 260604s9999 xx 000 0 und d
020 ## - INTERNATIONAL STANDARD BOOK NUMBER
International Standard Book Number 9781648899492
082 ## - DEWEY DECIMAL CLASSIFICATION NUMBER
Classification number 332.4 AN
100 ## - MAIN ENTRY--PERSONAL NAME
Personal name AN [DUONG HOAI]
9 (RLIN) 35561
245 #0 - TITLE STATEMENT
Title BLOCKCHAIN APPLICATIONS IN AGRICULTURE: REVOLUTIONIZING THE FOOD SUPPLY CHIAN
260 ## - PUBLICATION, DISTRIBUTION, ETC.
Name of publisher, distributor, etc. VERNON PRESS
500 ## - GENERAL NOTE
General note Block Chain
942 ## - ADDED ENTRY ELEMENTS (KOHA)
Koha item type Book
Holdings
Date last seen Total Checkouts Full call number Barcode Cost, replacement price Price effective from Koha item type Lost status Damaged status Not for loan Withdrawn status Home library Current library Shelving location Date acquired Cost, normal purchase price BOOK NO
06/04/2026   332.4 AN 004002 8016.84 06/04/2026 Book         Indian Institute of Management Visakhapatnam Indian Institute of Management Visakhapatnam   06/04/2026 8016.84 AN

Copyright © 2024 Indian Institute of Management Visakhapatnam
Koha v23.05